00509nam a2200205Ia 4500008004100000020001800041050001400059100001900073245002800092245002800120245001900148260001500167260002200182260000900204300001500213300002700228300001000255440002900265500000900294170918s9999 xx 000 0 und d a9780531281611 bD631 2013 aDoak, Robin S. aNational intelligence : bbring history to life / cRobin S. Doak. aNew York : bChildren's Press, c2013 a64 pages : bcolored illustration ; c23cm. aCornerstones of freedom. a1040